Les 100 premiers nombres premiers - Statistiques

Statistiques générales
  • Ce quiz a été pris 307 fois
  • Le résultat moyen est 63 sur 100
Statistiques - réponses
nombre premier % Correct
11
100%
2
100%
3
100%
5
100%
7
100%
13
99%
17
99%
19
99%
23
99%
29
98%
31
98%
37
97%
41
95%
43
94%
47
93%
53
92%
59
91%
61
90%
67
88%
71
87%
73
85%
79
84%
83
84%
89
83%
97
82%
101
76%
103
70%
107
70%
109
66%
113
66%
127
62%
131
62%
137
61%
149
61%
139
60%
157
59%
151
58%
167
58%
173
58%
163
57%
179
57%
181
56%
191
56%
193
56%
197
56%
211
56%
199
55%
229
55%
223
54%
227
54%
257
54%
269
53%
271
53%
239
52%
241
52%
251
52%
263
52%
277
52%
281
52%
283
52%
293
52%
307
52%
233
51%
311
51%
313
51%
317
51%
331
51%
337
50%
347
50%
367
50%
401
50%
349
49%
353
49%
359
49%
373
49%
379
49%
383
49%
389
49%
397
49%
409
48%
419
48%
421
47%
443
47%
457
47%
431
46%
433
46%
439
46%
449
46%
467
46%
479
46%
487
46%
461
45%
463
45%
491
44%
499
44%
503
44%
509
44%
521
43%
523
42%
541
39%
Aucun quiz correspondant
Distribution des résultats
% des personnes avec chaque résultat
Percentile par nombre de réponses
Votre historique - résultats
Vous n’avez pas pris ce quiz